Los sacerdotes del Tercer Mundo y la visión islámica : encuentros y desafíos en común /
Guardado en:
| Autor Principal: | |
|---|---|
| Formato: | Libro |
| Publicado: |
Buenos Aires :
Biblos,
2018.
|
| Materias: | |
| Etiquetas: |
Agregar Etiqueta
Sin Etiquetas, Sea el primero en etiquetar este registro!
|
| LEADER | 00565nam a22001695a 4500 | ||
|---|---|---|---|
| 001 | EHU.bham050628 | ||
| 008 | 220519s2018####ag############000#0#####d | ||
| 005 | 20220519113734.0 | ||
| 245 | 1 | 0 | |a Los sacerdotes del Tercer Mundo y la visión islámica : |b encuentros y desafíos en común / |c Abdul Karim Paz. |
| 260 | |a Buenos Aires : |b Biblos, |c 2018. | ||
| 300 | |a 318 p. | ||
| 100 | 1 | |a Paz, Abdul Karim. | |
| 082 | 3 | 2 | |a 297.6 P348 |
| 653 | |a Tercer Mundo-sacerdotes del | ||
| 653 | |a Cristianismo | ||
| 653 | |a Islamismo | ||
| 859 | |a AR-BHAM |b BIB. HUMANIDADES - General |h 297.6 |i P348 |p 157.22 | ||
